000 00807nam a2200265 i 4500
001 C2-0318374
003 PPAK
005 20180728114334.0
008 121008s2012 my a|||| ||||| | eng d
020 _a9789673920242
040 _aPPAK
_beng
_cPPAK
_erda
082 0 4 _a428.007
_223
090 0 0 _a428.007
_bAKB
_dK
100 0 _aAkbar Ali Abdul Hai,
_eauthor
245 1 0 _aSafi and his komputer
264 1 _aSeri Kembangan, Selangor :
_bPustaka Kelisa ,
_c2012
300 _a54 pages :
_bcolour illustrations ;
_c21 cm
336 _2rdacontent
_atext
337 _2rdamedia
_aunmediated
338 _2rdacarrier
_avolume
490 1 _aBasic English language skills for children
650 1 0 _aEnglish language - Grammar
830 0 _aBasic English language skills for children
942 _ddc
_cB
999 _c119337
_d119337